000
00314nam a2200133Ia 4500
005
20260328101452.0
008
260328s9999||||xx |||||||||||||| ||und||
100
_a
Watkin, David
245
0
_a
Moral y Arquitectura /
_c
David Watkin
260
_b
Tusquets
300
_a
171 p.
650
_a
ARQUITECTURA
942
_c
BK
999
_c
8716
_d
8716